000
00515nam a2200169Ia 4500
008
090711s9999 xx 000 0 und d
082
_b
46958
100
_a
पांढरीपांडे विजय म.
245
_a
घे भरारी
260
_c
1980
300
_a
124
600
_a
पांढरीपांडे विजय म.
630
_a
घे भरारी
700
_a
पांढरीपांडे विजय म.
730
_a
घे भरारी
942
_c
BOOK
999
_c
295265
_d
295265